Japan and world timber markets
| Main Author: | |
|---|---|
| Format: | Book |
| Published: |
Oxon, U.K. :
CAB International ,
1999
|
| Subjects: |
MARC
| LEADER | 00000cam a2200000 7i4500 | ||
|---|---|---|---|
| 001 | 0000000243 | ||
| 005 | 20000724.0 | ||
| 020 | 0 | 0 | |a 0851993273 |
| 090 | 0 | 0 | |a 382.4567400952 |b BLA 1999 |
| 100 | 1 | 0 | |a BLANDON |h Peter R. |c 1949- |
| 245 | 1 | 0 | |a Japan and world timber markets |c P.R. Blandon |
| 260 | 0 | 0 | |a Oxon, U.K. : |b CAB International , |c 1999 |
| 300 | |a xiii, 242 p. : |b ill. ; |c 25 cm. | ||
| 500 | 0 | 0 | |a Bibliography: [p. 229-236] and index |
| 650 | 0 | 0 | |a Lumber trade |
| 650 | 0 | 0 | |a Lumber trade |z Japan |
| 999 | |a 0000001452 |b Monograph |c Open Shelf |e Default branch | ||